Fundamentals of applied electromagnetics. (7th edition) (Record no. 44116)

MARC details
000 -LEADER
fixed length control field 00747nam a2200205 a 4500
008 - FIXED-LENGTH DATA ELEMENTS--GENERAL INFORMATION
fixed length control field 161209s2015 ||||||||||||||||| || u
010 ## - LIBRARY OF CONGRESS CONTROL NUMBER
LC control number 2015458495
020 ## - INTERNATIONAL STANDARD BOOK NUMBER
International Standard Book Number 9781292082448
050 ## - LIBRARY OF CONGRESS CALL NUMBER
Classification number QC 760 Ula
100 ## - MAIN ENTRY--PERSONAL NAME
Personal name Ravaioli, Umberto
245 10 - TITLE STATEMENT
Title Fundamentals of applied electromagnetics. (7th edition)
Statement of responsibility, etc. Fawwaz T. Ulaby; Umberto Ravaioli
246 ## - VARYING FORM OF TITLE
Title proper/short title Applied electromagnetics
250 ## - EDITION STATEMENT
Edition statement 7th ed.
260 ## - PUBLICATION, DISTRIBUTION, ETC.
Place of publication, distribution, etc. Harlow
Name of publisher, distributor, etc. Pearson
Date of publication, distribution, etc. 2015
300 ## - PHYSICAL DESCRIPTION
Extent 525p.: ill.
650 #0 - SUBJECT ADDED ENTRY--TOPICAL TERM
Topical term or geographic name entry element Electromagnetism - Industrial applications
650 #0 - SUBJECT ADDED ENTRY--TOPICAL TERM
Topical term or geographic name entry element ELECTROMAGNETISM
700 ## - ADDED ENTRY--PERSONAL NAME
Personal name Ulaby, Fawwaz T
995 ## - RECOMMENDATION 995 [LOCAL, UNIMARC FRANCE]
-- CBU-MAIN LIBRARY (Kitwe)
-- 1
-- AVAILABLE
-- Dec 9, 2016
-- Main Library Open Access Collection
Holdings
Withdrawn status Lost status Source of classification or shelving scheme Damaged status Not for loan Home library Current library Shelving location Date acquired Total Checkouts Full call number Barcode Date last seen Price effective from Koha item type
          CBU-MAIN LIBRARY, KITWE. CBU-MAIN LIBRARY, KITWE.   11/30/2022   QC 760 Ula 747227 11/30/2022 11/30/2022 MONOGRAPH